| 000 | 00488nam a2200169 i 4500 | ||
|---|---|---|---|
| 001 | 87777 | ||
| 003 | ES-MaACL | ||
| 005 | 20230906175734.0 | ||
| 007 | t| | ||
| 008 | 041223s1925 fr ||||1| fre d | ||
| 100 | 1 |
_aLaborde, Simone. _969250 |
|
| 245 | 1 | 3 |
_aLa curiethérapie des cancers / _cSimone Laborde. |
| 260 |
_aParis : _bMasson et Cie, _c1925 ( _eLaval : _fBarneoud) |
||
| 300 |
_aXII, 333 p. ; _c24 cm. |
||
| 650 | 4 |
_aCáncer- _xTratamiento. _9151119 |
|
| 852 |
_aES-MaACL _jB-13350 |
||
| 999 |
_c87777 _d87777 |
||